[Event "85. Argentino Superior Absoluto 2010 "]
[Site "Buenos Aires ARG"]
[Date "2010.07.06"]
[Round "2.23"]
[White "Lida Garcia, Fernando"]
[Black "Giuliani, German"]
[Result "1-0"]
[WhiteElo "2055"]
[BlackElo "1864"]
[PlyCount "136"]
[EventDate "2010.07.05"]
[EventType "swiss"]
[EventRounds "9"]
[EventCountry "ARG"]
[Source "lmi"]
[SourceDate "2010.07.05"]

1. b3 g6 2. Bb2 Nf6 3. c4 Bg7 4. e4 O-O 5. e5 Ne4 6. Qc2 d5 7. d4 c5 8. cxd5
Qa5+ 9. Kd1 Na6 10. Bxa6 Qxa6 11. Qxe4 Qf1+ 12. Qe1 Qxg2 13. Ne2 cxd4 14. Bxd4
Qxd5 15. Nbc3 Qf3 16. Kc1 Bf5 17. Kb2 Qd3 18. Rd1 Qa6 19. Nd5 Bg4 20. Rd2 Rad8
21. Nxe7+ Kh8 22. Nf4 Rfe8 23. Rg1 Rxe7 24. Rxg4 Rxd4 25. Rxd4 Bxe5 26. Kb1
Bxd4 27. Qxe7 Qf1+ 28. Kc2 Qxf2+ 29. Qe2 Qxe2+ 30. Nxe2 Be5 31. h3 Kg7 32. Ra4
Bb8 33. Rc4 f5 34. Kd3 Kf6 35. Nc3 h5 36. Rc8 Bg3 37. Nd5+ Kg5 38. Rg8 Kh4 39.
Rxg6 Kxh3 40. Rg5 f4 41. Rxh5+ Kg4 42. Rh7 f3 43. Rxb7 a5 44. Rg7+ Kh3 45.
Rxg3+ Kxg3 46. a3 f2 47. Ke2 f1=Q+ 48. Kxf1 Kf3 49. Nc3 Ke3 50. b4 axb4 51.
axb4 Kd4 52. b5 Kc5 53. Ke2 Kb6 54. Ke3 Kc5 55. Kd3 Kb6 56. Kc4 Kb7 57. Kc5 Kc7
58. Nd5+ Kb7 59. Kd6 Kc8 60. Kc6 Kb8 61. Kb6 Ka8 62. Ka6 Kb8 63. Nb6 Kc7 64.
Ka7 Kd6 65. Na4 Kc7 66. b6+ Kc6 67. b7 Kb5 68. b8=Q+ Kxa4 1-0

[Event "85. Argentino Superior Absoluto 2010 "]
[Site "Buenos Aires ARG"]
[Date "2010.07.06"]
[Round "2.24"]
[White "Asad, Jonathan"]
[Black "Vigil, Lucas"]
[Result "0-1"]
[WhiteElo "1702"]
[BlackElo "2053"]
[PlyCount "98"]
[EventDate "2010.07.05"]
[EventType "swiss"]
[EventRounds "9"]
[EventCountry "ARG"]
[Source "lmi"]
[SourceDate "2010.07.05"]

1. e4 c5 2. Nf3 g6 3. d4 Bg7 4. Nc3 cxd4 5. Nxd4 Nc6 6. Nxc6 bxc6 7. Bd2 Nf6 8.
Bd3 d5 9. exd5 cxd5 10. O-O O-O 11. Kh1 e5 12. f3 Bb7 13. Qe1 Re8 14. Qf2 a6
15. Rae1 Rc8 16. Bg5 Rc7 17. h3 d4 18. Bxf6 Bxf6 19. Ne4 Bg7 20. g4 f5 21. gxf5
gxf5 22. Ng3 e4 23. fxe4 fxe4 24. Bxe4 Qc8 25. Bxb7 Qxb7+ 26. Kh2 Rf8 27. Qe2
Qc8 28. Rxf8+ Bxf8 29. Qh5 Rxc2+ 30. Kg1 Qb7 31. Qg5+ Qg7 32. Qd5+ Kh8 33. Qf3
d3 34. Qxd3 Qxb2 35. Re2 Qa1+ 36. Kg2 Rxa2 37. Nh5 Rxe2+ 38. Qxe2 Qd4 39. Qf3
Qd2+ 40. Kh1 Qe1+ 41. Kg2 Qe7 42. Qc3+ Kg8 43. Nf6+ Kf7 44. Nxh7 Qe4+ 45. Qf3+
Qxf3+ 46. Kxf3 Be7 47. Ke4 Kg6 48. Kd5 Kxh7 49. Kc6 a5 0-1

[Event "85. Argentino Superior Absoluto 2010 "]
[Site "Buenos Aires ARG"]
[Date "2010.07.06"]
[Round "2.25"]
[White "Gaitan, Juan Manuel"]
[Black "Ricciardi, Gabriel"]
[Result "1-0"]
[WhiteElo "2047"]
[BlackElo "1599"]
[PlyCount "47"]
[EventDate "2010.07.05"]
[EventType "swiss"]
[EventRounds "9"]
[EventCountry "ARG"]
[Source "lmi"]
[SourceDate "2010.07.05"]

1. d4 d6 2. c4 Nf6 3. Nc3 c6 4. e4 Qa5 5. Qc2 e5 6. d5 Be7 7. Nf3 Bg4 8. Be2
Nbd7 9. O-O O-O 10. Be3 Rfc8 11. Rfd1 cxd5 12. Nxd5 Qd8 13. a4 Be6 14. Nxf6+
Nxf6 15. Nxe5 Qc7 16. Nf3 Bg4 17. b3 Bh5 18. Nd4 Bg6 19. Bd3 a6 20. f3 Nd7 21.
Ne2 Ne5 22. Nc3 Qa5 23. Nd5 Bd8 24. b4 1-0

[Event "85. Argentino Superior Absoluto 2010 "]
[Site "Buenos Aires ARG"]
[Date "2010.07.07"]
[Round "3.1"]
[White "Felgaer, Ruben"]
[Black "Tristan, Leonardo"]
[Result "1/2-1/2"]
[WhiteElo "2584"]
[BlackElo "2393"]
[PlyCount "52"]
[EventDate "2010.07.05"]
[EventType "swiss"]
[EventRounds "9"]
[EventCountry "ARG"]
[Source "lmi"]
[SourceDate "2010.07.05"]

1. e4 d6 2. d4 Nf6 3. Nc3 g6 4. f4 Bg7 5. Nf3 O-O 6. Bd3 Nc6 7. O-O e5 8. fxe5
dxe5 9. d5 Nd4 10. Nxe5 Nxe4 11. Bxe4 Bxe5 12. Bf4 Bxf4 13. Rxf4 Nf5 14. Bxf5
Bxf5 15. Qd4 Bxc2 16. Re1 Bf5 17. Re3 Bd7 18. Rf6 c6 19. Rd6 c5 20. Qxc5 Re8
21. h3 Rxe3 22. Qxe3 f5 23. Nb5 Kf7 24. Qh6 Kg8 25. Qe3 Kf7 26. Qh6 Kg8 1/2-1/2

[Event "85. Argentino Superior Absoluto 2010 "]
[Site "Buenos Aires ARG"]
[Date "2010.07.07"]
[Round "3.2"]
[White "Dos Santos, Ramiro"]
[Black "Peralta, Fernando"]
[Result "0-1"]
[WhiteElo "2442"]
[BlackElo "2570"]
[PlyCount "76"]
[EventDate "2010.07.05"]
[EventType "swiss"]
[EventRounds "9"]
[EventCountry "ARG"]
[Source "lmi"]
[SourceDate "2010.07.05"]

1. e4 c6 2. d4 d5 3. Nc3 dxe4 4. Nxe4 Bf5 5. Ng3 Bg6 6. h4 h6 7. Nf3 Nd7 8. h5
Bh7 9. Bd3 Bxd3 10. Qxd3 e6 11. Bf4 Qa5+ 12. Bd2 Bb4 13. c3 Be7 14. c4 Qc7 15.
O-O-O Ngf6 16. Kb1 O-O 17. Rde1 a5 18. a3 Rfd8 19. Qe2 b5 20. c5 a4 21. Ne4
Nxe4 22. Qxe4 Nf6 23. Qe2 Nd5 24. Ne5 Nf6 25. Nf3 Qd7 26. g4 Qd5 27. g5 hxg5
28. h6 g6 29. h7+ Nxh7 30. Ne5 Bf6 31. f4 Bxe5 32. fxe5 Qxd4 33. Rxh7 Kxh7 34.
Bxg5 Kg8 35. Bf6 Kf8 36. Qf3 Qd5 37. Qf4 Qd3+ 38. Ka1 Qf5 0-1

[Event "85. Argentino Superior Absoluto 2010 "]
[Site "Buenos Aires ARG"]
[Date "2010.07.07"]
[Round "3.3"]
[White "Pierrot, Facundo"]
[Black "Valerga, Diego"]
[Result "1/2-1/2"]
[WhiteElo "2431"]
[BlackElo "2506"]
[PlyCount "44"]
[EventDate "2010.07.05"]
[EventType "swiss"]
[EventRounds "9"]
[EventCountry "ARG"]
[Source "lmi"]
[SourceDate "2010.07.05"]

1. e4 c5 2. Nf3 Nc6 3. c3 Nf6 4. e5 Nd5 5. Bc4 Nb6 6. Bb3 d5 7. exd6 Qxd6 8. d4
cxd4 9. cxd4 Be6 10. O-O Bxb3 11. Qxb3 e6 12. Nc3 Be7 13. Rd1 O-O 14. d5 Nxd5
15. Nxd5 exd5 16. Rxd5 Qb4 17. Qxb4 Nxb4 18. Rb5 b6 19. Bd2 Nd3 20. Ne1 Rfd8
21. Nxd3 Rxd3 22. Be3 Rad8 1/2-1/2

[Event "85. Argentino Superior Absoluto 2010 "]
[Site "Buenos Aires ARG"]
[Date "2010.07.07"]
[Round "3.5"]
[White "Lemos, Damian"]
[Black "Spata, German"]
[Result "1-0"]
[WhiteElo "2551"]
[BlackElo "2286"]
[PlyCount "75"]
[EventDate "2010.07.05"]
[EventType "swiss"]
[EventRounds "9"]
[EventCountry "ARG"]
[Source "lmi"]
[SourceDate "2010.07.05"]

1. d4 d5 2. Nf3 c6 3. c4 e6 4. Qc2 f5 5. g3 Nf6 6. Bg2 Bd6 7. O-O O-O 8. Nc3
Bd7 9. Rb1 Be8 10. c5 Bc7 11. b4 f4 12. Rb3 Bg6 13. Qd1 Ne4 14. Ne5 Bxe5 15.
dxe5 fxg3 16. hxg3 Nxc3 17. Rxc3 Nd7 18. f4 a5 19. a3 axb4 20. axb4 Ra2 21. e4
Bf7 22. Be3 Qa8 23. Bf2 Qa4 24. exd5 cxd5 25. Qxa4 Rxa4 26. b5 Rc8 27. c6 bxc6
28. Rxc6 Rb8 29. Rfc1 Rxb5 30. Rc8+ Nf8 31. Bf1 Rba5 32. Bc5 Rxc5 33. R1xc5 g5
34. Rb8 Kg7 35. Rc7 Ng6 36. Rbb7 Nh8 37. f5 Kh6 38. fxe6 1-0

[Event "85. Argentino Superior Absoluto 2010 "]
[Site "Buenos Aires ARG"]
[Date "2010.07.07"]
[Round "3.6"]
[White "Virgillito, Cristian"]
[Black "Mareco, Sandro"]
[Result "0-1"]
[WhiteElo "2238"]
[BlackElo "2527"]
[PlyCount "88"]
[EventDate "2010.07.05"]
[EventType "swiss"]
[EventRounds "9"]
[EventCountry "ARG"]
[Source "lmi"]
[SourceDate "2010.07.05"]

1. e4 c5 2. Nf3 d6 3. d4 cxd4 4. Nxd4 Nf6 5. Nc3 a6 6. Be3 e5 7. Nb3 Be7 8. f3
Be6 9. Qd2 O-O 10. O-O-O a5 11. Bb5 Na6 12. g4 Nc7 13. Kb1 Qc8 14. g5 Nh5 15.
a4 Rd8 16. Bb6 Nf4 17. Rhg1 Nxb5 18. Nxb5 Rd7 19. Qc3 Qc6 20. Qxc6 bxc6 21. Nc7
Rb8 22. Nxe6 fxe6 23. Nc5 Rxb6 24. Nxd7 Rb7 25. Nf6+ Kf7 26. Ng4 Ne2 27. h4
Nc3+ 28. Kc1 Ne2+ 29. Kb1 Nxg1 30. Rxg1 Kg6 31. c3 Kh5 32. Rh1 Bd8 33. Ne3 Rf7
34. Rh3 d5 35. Nf1 Bb6 36. b4 Bf2 37. Kc2 Be1 38. bxa5 dxe4 39. Ne3 exf3 40.
Kd3 Bxh4 41. Ke4 f2 42. Nf1 Rf4+ 43. Kxe5 Rxa4 44. Kxe6 Rxa5 0-1

[Event "85. Argentino Superior Absoluto 2010 "]
[Site "Buenos Aires ARG"]
[Date "2010.07.07"]
[Round "3.8"]
[White "Alonso, Salvador"]
[Black "Barrionuevo, Pablo"]
[Result "1-0"]
[WhiteElo "2490"]
[BlackElo "2337"]
[PlyCount "147"]
[EventDate "2010.07.05"]
[EventType "swiss"]
[EventRounds "9"]
[EventCountry "ARG"]
[Source "lmi"]
[SourceDate "2010.07.05"]

1. e4 e5 2. Nf3 Nc6 3. Bc4 Nf6 4. d3 Be7 5. O-O O-O 6. Re1 d6 7. a4 Na5 8. Ba2
c5 9. Nbd2 Nc6 10. c3 h6 11. Nf1 Be6 12. Bxe6 fxe6 13. Ng3 Qd7 14. h3 Rf7 15.
d4 cxd4 16. cxd4 Bd8 17. dxe5 dxe5 18. Bd2 Bc7 19. Bc3 Qe8 20. Qb3 Rb8 21. Rad1
Nh7 22. Bd2 Nf8 23. Be3 Ng6 24. Bc5 Rc8 25. Qe3 Ba5 26. Rf1 Nb4 27. Bxb4 Bxb4
28. Qb3 Bc5 29. Rd2 Kh7 30. Qd1 Qc6 31. h4 Qc7 32. Rc2 a5 33. Kh2 Nf4 34. Qd2
b6 35. Qc3 Bd4 36. Qxc7 Rfxc7 37. Nxd4 exd4 38. Rd2 d3 39. Rfd1 Rc1 40. Nf1
Rxd1 41. Rxd1 Rc2 42. Rd2 Rc1 43. Ne3 Re1 44. Kg3 Ne2+ 45. Kf3 Nd4+ 46. Kf4 e5+
47. Kxe5 Nc6+ 48. Kf4 Nb4 49. Kf3 Ra1 50. Nd5 Rxa4 51. b3 Ra2 52. Rxa2 Nxa2 53.
Nxb6 Nc1 54. Ke3 Kg6 55. f4 Kf7 56. g4 Nxb3 57. Kxd3 Nc5+ 58. Kd4 a4 59. Nc4
Nb3+ 60. Kd5 Nc1 61. e5 Nd3 62. f5 Ke7 63. g5 hxg5 64. hxg5 Nb4+ 65. Kd4 Nc6+
66. Ke4 Na7 67. Na3 Nc6 68. Nb5 Na5 69. Kd5 Nb3 70. e6 Nd2 71. f6+ gxf6 72. g6
Kf8 73. Nd6 a3 74. e7+ 1-0

[Event "85. Argentino Superior Absoluto 2010 "]
[Site "Buenos Aires ARG"]
[Date "2010.07.07"]
[Round "3.9"]
[White "Quiroga, Facundo"]
[Black "Slipak, Sergio"]
[Result "1/2-1/2"]
[WhiteElo "2340"]
[BlackElo "2440"]
[PlyCount "114"]
[EventDate "2010.07.05"]
[EventType "swiss"]
[EventRounds "9"]
[EventCountry "ARG"]
[Source "lmi"]
[SourceDate "2010.07.05"]

1. d4 d5 2. c4 e6 3. Nc3 Be7 4. Nf3 Nf6 5. Bg5 h6 6. Bh4 O-O 7. e3 Ne4 8. Bxe7
Qxe7 9. cxd5 Nxc3 10. bxc3 exd5 11. Qb3 Rd8 12. Bd3 c5 13. Qa3 b6 14. O-O Bb7
15. Rfe1 Nd7 16. Bf5 Nf6 17. Ne5 g6 18. Bd3 Kg7 19. f4 Ne4 20. c4 dxc4 21. Bxc4
Nd6 22. dxc5 Nxc4 23. Nxc4 Rac8 24. Qb2+ Kh7 25. Ne5 Rxc5 26. Rad1 Rcd5 27.
Rxd5 Rxd5 28. e4 Rd8 29. h3 Qf6 30. Qc1 Rd4 31. Ng4 Qc6 32. Qe3 Rc4 33. Ne5
Qxe4 34. Qf2 Rc2 35. Rxe4 Rxf2 36. Kxf2 Bxe4 37. Nxf7 Bd5 38. Nd6 Bxa2 39. Nc8
b5 40. Ke3 a5 41. Kd4 b4 42. Nb6 Be6 43. Na4 h5 44. Nc5 Bf7 45. g4 h4 46. Nd3
b3 47. Kc5 a4 48. Kb4 Be8 49. Ka3 Bc6 50. Ne5 Bg2 51. f5 gxf5 52. gxf5 Kh6 53.
f6 Bxh3 54. f7 Kg7 55. Ng6 Kxf7 56. Nxh4 Ke6 57. Nf3 Kd5 1/2-1/2

[Event "85. Argentino Superior Absoluto 2010 "]
[Site "Buenos Aires ARG"]
[Date "2010.07.07"]
[Round "3.10"]
[White "Garbarino, Rodolfo"]
[Black "Leeuw, Pablo"]
[Result "1-0"]
[WhiteElo "2350"]
[BlackElo "2071"]
[PlyCount "73"]
[EventDate "2010.07.05"]
[EventType "swiss"]
[EventRounds "9"]
[EventCountry "ARG"]
[Source "lmi"]
[SourceDate "2010.07.05"]

1. e4 e6 2. d4 d5 3. Nc3 Nf6 4. Bg5 Be7 5. e5 Nfd7 6. Bxe7 Qxe7 7. f4 a6 8. Qg4
f5 9. exf6 Nxf6 10. Qh4 Nc6 11. O-O-O Bd7 12. Nf3 O-O-O 13. Bd3 Qb4 14. a3 Qb6
15. Qf2 Ne7 16. Rhe1 Rde8 17. Ne5 Rhf8 18. Qg1 Nc6 19. Nf3 Nd8 20. g3 Nf7 21.
Re2 Nd6 22. Rde1 Nb5 23. Na4 Qd6 24. Nc5 b6 25. Bxb5 axb5 26. Nxd7 Kxd7 27. Ng5
Ne4 28. Nxe4 dxe4 29. Rxe4 b4 30. axb4 Ra8 31. c3 Qd5 32. Kc2 Qc6 33. Rxe6 Qa4+
34. Kd2 Qb3 35. Qh1 Qc4 36. Re7+ Kd6 37. Qe4 1-0

[Event "85. Argentino Superior Absoluto 2010 "]
[Site "Buenos Aires ARG"]
[Date "2010.07.07"]
[Round "3.11"]
[White "Martinez de Negri, Gonzalo"]
[Black "Filgueira, Hernan"]
[Result "0-1"]
[WhiteElo "2069"]
[BlackElo "2347"]
[PlyCount "78"]
[EventDate "2010.07.05"]
[EventType "swiss"]
[EventRounds "9"]
[EventCountry "ARG"]
[Source "lmi"]
[SourceDate "2010.07.05"]

1. e4 Nf6 2. e5 Nd5 3. c4 Nb6 4. c5 Nd5 5. Nc3 Nxc3 6. dxc3 Nc6 7. Bf4 e6 8.
Qg4 d5 9. Nf3 Ne7 10. Bd3 Qd7 11. h4 h5 12. Qg5 b6 13. cxb6 axb6 14. Qg3 Ba6
15. Nd4 Bxd3 16. Qxd3 c5 17. Nc2 Nc6 18. O-O Be7 19. Qg3 g6 20. Na3 O-O 21. Bg5
Ra4 22. f4 Bxg5 23. hxg5 Ne7 24. Rf3 Rfa8 25. Qh3 Nf5 26. Kf2 d4 27. Rd1 Ne3
28. Rd2 Ng4+ 29. Ke1 b5 30. Rfd3 b4 31. cxb4 Rxb4 32. Rb3 Rxb3 33. Qxb3 Qc6 34.
Qf3 Qxf3 35. gxf3 Ne3 36. Kf2 h4 37. Nc2 Nc4 38. Rd3 Rxa2 39. Rb3 Rxb2 0-1

[Event "85. Argentino Superior Absoluto 2010 "]
[Site "Buenos Aires ARG"]
[Date "2010.07.07"]
[Round "3.13"]
[White "Fabian, Gaston"]
[Black "Vigil, Lucas"]
[Result "1/2-1/2"]
[WhiteElo "2260"]
[BlackElo "2053"]
[PlyCount "94"]
[EventDate "2010.07.05"]
[EventType "swiss"]
[EventRounds "9"]
[EventCountry "ARG"]
[Source "lmi"]
[SourceDate "2010.07.05"]

1. d4 Nf6 2. c4 c5 3. d5 e6 4. Nc3 exd5 5. cxd5 d6 6. Nf3 g6 7. Bf4 Bg7 8. Qa4+
Bd7 9. Qb3 b5 10. Bxd6 Qb6 11. Be5 O-O 12. e3 c4 13. Qd1 b4 14. Nb1 Bb5 15. Be2
Nbd7 16. Bd4 Qb7 17. d6 Rac8 18. O-O Rfe8 19. Nbd2 c3 20. Bxb5 Qxb5 21. bxc3
bxc3 22. Nb3 c2 23. Qd2 Ne4 24. Qa5 Qxa5 25. Nxa5 Bxd4 26. Nxd4 Rc3 27. Nac6
Kg7 28. Rfc1 Nxd6 29. Rxc2 Rxc2 30. Nxc2 Ne5 31. Nxe5 Rxe5 32. Nd4 Nb5 33. f4
Rd5 34. Nxb5 Rxb5 35. Rd1 Rb2 36. a4 Ra2 37. Rd4 h5 38. h4 Kf6 39. Kh2 Kf5 40.
Kg3 Ra3 41. Kf3 Ke6 42. g3 f5 43. Ke2 Ra2+ 44. Kf3 Ra3 45. Rb4 Ra2 46. Rd4 Ra3
47. Rb4 Ra2 1/2-1/2

[Event "85. Argentino Superior Absoluto 2010 "]
[Site "Buenos Aires ARG"]
[Date "2010.07.07"]
[Round "3.14"]
[White "Sanchez, Christian"]
[Black "Sanhueza, Cristian"]
[Result "0-1"]
[WhiteElo "2028"]
[BlackElo "2199"]
[PlyCount "148"]
[EventDate "2010.07.05"]
[EventType "swiss"]
[EventRounds "9"]
[EventCountry "ARG"]
[Source "lmi"]
[SourceDate "2010.07.05"]

1. e4 e5 2. Nf3 Nc6 3. Bb5 a6 4. Bxc6 dxc6 5. d4 exd4 6. Qxd4 Qxd4 7. Nxd4 Bd7
8. Nc3 O-O-O 9. Be3 g6 10. O-O-O Bg7 11. f3 Ne7 12. h4 b6 13. h5 c5 14. Nde2
Nc6 15. Nd5 Rde8 16. Bg5 f5 17. Bf6 Bh6+ 18. Kb1 Rhg8 19. Bc3 Bg7 20. Bxg7 Rxg7
21. Nf6 Ree7 22. hxg6 hxg6 23. Nxd7 Rxd7 24. c3 fxe4 25. fxe4 Rxd1+ 26. Rxd1
Rf7 27. Nc1 Rf2 28. g3 c4 29. Rd5 Rg2 30. Rg5 Ne7 31. b3 cxb3 32. axb3 Kd7 33.
Nd3 Rg1+ 34. Kc2 Ke6 35. Nf4+ Kf6 36. Rg4 c6 37. Ne2 Rg2 38. Kd3 Rh2 39. c4 Rh1
40. Rf4+ Ke6 41. Nd4+ Kd7 42. Rf7 Rd1+ 43. Ke3 c5 44. Nf3 Rb1 45. Nd2 Rg1 46.
Kf2 Ra1 47. Rf6 Ra2 48. Ke3 b5 49. cxb5 axb5 50. Rb6 Ra5 51. Kf4 Nc6 52. Rb7+
Ke6 53. Rb6 Kd6 54. Rb7 Nd4 55. Rb6+ Ke7 56. Rb7+ Ke6 57. Rb6+ Kd7 58. Rxg6 Ra2
59. Ke3 Nxb3 60. Nxb3 Ra3 61. Kd3 Rxb3+ 62. Kc2 Re3 63. Rg5 Kc6 64. Rg6+ Kc7
65. g4 Rxe4 66. g5 Rg4 67. Rg8 Kc6 68. g6 Kd5 69. g7 Kc4 70. Kd1 b4 71. Kd2
Rg2+ 72. Kd1 b3 73. Ke1 b2 74. Rb8 Kc3 0-1

[Event "85. Argentino Superior Absoluto 2010 "]
[Site "Buenos Aires ARG"]
[Date "2010.07.07"]
[Round "3.16"]
[White "Ponzo, Fabian"]
[Black "Lezcano, Gustavo"]
[Result "0-1"]
[WhiteElo "2027"]
[BlackElo "2177"]
[PlyCount "86"]
[EventDate "2010.07.05"]
[EventType "swiss"]
[EventRounds "9"]
[EventCountry "ARG"]
[Source "lmi"]
[SourceDate "2010.07.05"]

1. d4 f5 2. g3 Nf6 3. Bg2 g6 4. Nf3 Bg7 5. b3 O-O 6. Bb2 d6 7. d5 c6 8. dxc6
bxc6 9. Nbd2 Bd7 10. O-O Na6 11. Rb1 Nc5 12. Nc4 Qe8 13. Nd4 Nfe4 14. f3 Ng5
15. e3 d5 16. Na5 e5 17. Ba3 exd4 18. Bxc5 Qxe3+ 19. Kh1 Rfe8 20. c4 f4 21. Bb4
Nh3 22. Be1 d3 23. g4 Ng5 24. Bd2 Qd4 25. h4 Nf7 26. Qc1 Re3 27. cxd5 cxd5 28.
Qc7 Be8 29. b4 Be5 30. Qc1 Qb6 31. Nb3 Nd6 32. Nc5 Nc4 33. Bxe3 Nxe3 34. Nxd3
Nxf1 35. Bxf1 Bd6 36. Nc5 a5 37. Qd1 Bf7 38. Nd7 Qd8 39. Bb5 Qxh4+ 40. Kg1 axb4
41. Rb2 Re8 42. Qd4 Qe1+ 43. Kg2 Qg3+ 0-1

[Event "85. Argentino Superior Absoluto 2010 "]
[Site "Buenos Aires ARG"]
[Date "2010.07.07"]
[Round "3.18"]
[White "Cereijo, Nicolas"]
[Black "Chavarria, Bily"]
[Result "1-0"]
[WhiteElo "2139"]
[BlackElo "1963"]
[PlyCount "37"]
[EventDate "2010.07.05"]
[EventType "swiss"]
[EventRounds "9"]
[EventCountry "ARG"]
[Source "lmi"]
[SourceDate "2010.07.05"]

1. e4 e5 2. Nf3 Nc6 3. Bc4 Bc5 4. c3 Nf6 5. d4 exd4 6. cxd4 Bb4+ 7. Nc3 Nxe4 8.
O-O Bxc3 9. d5 Bf6 10. Re1 O-O 11. Rxe4 Ne7 12. d6 Ng6 13. Qd5 cxd6 14. Qh5 Ne5
15. Ng5 Bxg5 16. Bxg5 Qb6 17. Rh4 h6 18. Bxh6 Qxb2 19. Bc1 1-0

[Event "85. Argentino Superior Absoluto 2010 "]
[Site "Buenos Aires ARG"]
[Date "2010.07.07"]
[Round "3.20"]
[White "Mahia, Gustavo"]
[Black "Benedetti, Julio"]
[Result "1-0"]
[WhiteElo "2393"]
[BlackElo "1945"]
[PlyCount "61"]
[EventDate "2010.07.05"]
[EventType "swiss"]
[EventRounds "9"]
[EventCountry "ARG"]
[Source "lmi"]
[SourceDate "2010.07.05"]

1. f4 e5 2. fxe5 d6 3. Nf3 dxe5 4. e4 Nf6 5. Bc4 Bc5 6. b4 Bb6 7. d3 Nc6 8. c3
Bg4 9. a4 a6 10. Bg5 h6 11. Bh4 Qd6 12. Nbd2 g5 13. Bg3 Nh5 14. Qb3 Nxg3 15.
hxg3 O-O-O 16. O-O-O Bf2 17. Nf1 Qf6 18. Rd2 Ba7 19. Bxf7 Rdf8 20. N3h2 Bd7 21.
Bh5 Be6 22. Bg4 Nd8 23. Bxe6+ Nxe6 24. Ng4 Qe7 25. Nxe5 Nc5 26. bxc5 Qxe5 27.
Rb2 b6 28. Qc4 Qxc5 29. Qxc5 bxc5 30. Ne3 Rd8 31. Kd2 1-0

[Event "85. Argentino Superior Absoluto 2010 "]
[Site "Buenos Aires ARG"]
[Date "2010.07.07"]
[Round "3.21"]
[White "Koch, Juan"]
[Black "Galleto, Ricardo"]
[Result "1-0"]
[WhiteElo "2087"]
[BlackElo "2019"]
[PlyCount "99"]
[EventDate "2010.07.05"]
[EventType "swiss"]
[EventRounds "9"]
[EventCountry "ARG"]
[Source "lmi"]
[SourceDate "2010.07.05"]

1. c4 g6 2. Nc3 Bg7 3. g3 Nf6 4. Bg2 O-O 5. e4 d6 6. Nge2 e5 7. d3 h6 8. O-O
Nc6 9. Rb1 Be6 10. Nd5 Kh7 11. Bd2 Qd7 12. f3 Ne8 13. b4 Bh3 14. b5 Nd8 15. f4
c6 16. bxc6 bxc6 17. Ne3 Bxg2 18. Kxg2 f5 19. exf5 gxf5 20. Qa4 Rf7 21. Qc2 Kg8
22. Bc3 Nb7 23. Rbd1 Qe6 24. Rfe1 Nf6 25. fxe5 dxe5 26. d4 Ng4 27. Nxg4 fxg4
28. dxe5 Qxc4 29. Rd4 Qe6 30. Nf4 Qf5 31. Qxf5 Rxf5 32. Rd7 Nc5 33. Rc7 Rxf4
34. gxf4 Ne6 35. Rxc6 Nxf4+ 36. Kg3 Nd5 37. Kxg4 Rf8 38. Bd2 Rf2 39. Bxh6 Rxh2
40. Bxg7 Rg2+ 41. Kf3 Rxg7 42. Ke4 Nb4 43. Rc8+ Kh7 44. Re3 Rf7 45. e6 Re7 46.
Ke5 Rb7 47. Rh3+ Kg7 48. Rg3+ Kh7 49. Rc5 a5 50. Kf6 1-0

[Event "85. Argentino Superior Absoluto 2010 "]
[Site "Buenos Aires ARG"]
[Date "2010.07.07"]
[Round "3.22"]
[White "Mazzoleni, Julio"]
[Black "Luo, Victor"]
[Result "0-1"]
[WhiteElo "2123"]
[BlackElo "1906"]
[PlyCount "82"]
[EventDate "2010.07.05"]
[EventType "swiss"]
[EventRounds "9"]
[EventCountry "ARG"]
[Source "lmi"]
[SourceDate "2010.07.05"]

1. Nc3 g6 2. Nf3 Bg7 3. d4 b6 4. e4 Bb7 5. Be3 d6 6. Qd2 Nd7 7. Rd1 h6 8. h3 e6
9. Bb5 a6 10. Bxd7+ Qxd7 11. O-O Ne7 12. Rfe1 g5 13. Nh2 O-O-O 14. f3 f5 15. d5
exd5 16. Nxd5 Nxd5 17. exd5 Bxb2 18. c3 Ba3 19. Rb1 Rhe8 20. Bd4 Bc5 21. Bxc5
dxc5 22. c4 Qa4 23. Rxe8 Rxe8 24. Qd3 Qxa2 25. Qxf5+ Kb8 26. d6 cxd6 27. Qg6
Rd8 28. Rxb6 Qxc4 29. Rxd6 Rxd6 30. Qxd6+ Ka7 31. Ng4 Qd4+ 32. Qxd4 cxd4 33.
Nxh6 Kb6 34. Kf2 a5 35. Ke1 Kc5 36. Nf7 a4 37. Kd2 a3 38. Kc1 d3 39. Ne5 d2+
40. Kxd2 a2 41. Nd3+ Kd6 0-1

[Event "85. Argentino Superior Absoluto 2010 "]
[Site "Buenos Aires ARG"]
[Date "2010.07.07"]
[Round "3.23"]
[White "Araoz, Claudio Alberto"]
[Black "Cabral, Matias Andres"]
[Result "0-1"]
[WhiteElo "1878"]
[BlackElo "2098"]
[PlyCount "46"]
[EventDate "2010.07.05"]
[EventType "swiss"]
[EventRounds "9"]
[EventCountry "ARG"]
[Source "lmi"]
[SourceDate "2010.07.05"]

1. d4 Nf6 2. Bf4 c5 3. e3 Qb6 4. Nc3 Nc6 5. Nf3 cxd4 6. exd4 e5 7. dxe5 Qxb2 8.
Nb5 Bb4+ 9. c3 Ne4 10. Nd2 Nxc3 11. Qc1 Qxc1+ 12. Rxc1 Nxb5 13. Bxb5 O-O 14.
O-O Nxe5 15. Bxe5 Bxd2 16. Rcd1 Bb4 17. Rd4 Bc3 18. Rd5 Bxe5 19. Rxe5 d6 20.
Re7 a6 21. Bd7 b5 22. Rfe1 Ra7 23. Bxc8 Rxe7 0-1

[Event "85. Argentino Superior Absoluto 2010 "]
[Site "Buenos Aires ARG"]
[Date "2010.07.07"]
[Round "3.24"]
[White "Giuliani, German"]
[Black "Rasgido, Alejandro"]
[Result "0-1"]
[WhiteElo "1864"]
[BlackElo "1997"]
[PlyCount "56"]
[EventDate "2010.07.05"]
[EventType "swiss"]
[EventRounds "9"]
[EventCountry "ARG"]
[Source "lmi"]
[SourceDate "2010.07.05"]

1. d4 d5 2. g3 Nf6 3. Bg2 c6 4. Nf3 g6 5. O-O Bg7 6. b3 Ne4 7. Bb2 Nd7 8. Nbd2
Ndf6 9. c4 Bf5 10. Nh4 Bd7 11. cxd5 cxd5 12. Rc1 O-O 13. Nhf3 Qa5 14. a3 Rac8
15. Nxe4 Nxe4 16. Ne5 Bf5 17. b4 Qb5 18. f3 Rxc1 19. Qxc1 Rc8 20. Qe3 Nd6 21.
g4 Rc2 22. gxf5 Rxb2 23. fxg6 hxg6 24. Nd3 Nf5 25. Qc1 Bxd4+ 26. Kh1 Rxe2 27.
Qc8+ Kg7 28. Nf4 Rxg2 0-1

[Event "85. Argentino Superior Absoluto 2010 "]
[Site "Buenos Aires ARG"]
[Date "2010.07.07"]
[Round "3.25"]
[White "Valli, Americo"]
[Black "Asad, Jonathan"]
[Result "1-0"]
[WhiteElo "1972"]
[BlackElo "1702"]
[PlyCount "51"]
[EventDate "2010.07.05"]
[EventType "swiss"]
[EventRounds "9"]
[EventCountry "ARG"]
[Source "lmi"]
[SourceDate "2010.07.05"]

1. e4 c5 2. Ne2 d6 3. g3 Nf6 4. Bg2 Nc6 5. O-O g6 6. c3 e5 7. d4 Qc7 8. Na3 a6
9. Bg5 Bg7 10. dxe5 dxe5 11. Nc4 O-O 12. Qd6 Qxd6 13. Nxd6 Rd8 14. Rfd1 h6 15.
Be3 b6 16. Nc4 Rb8 17. Rxd8+ Nxd8 18. Nxe5 Nxe4 19. Bxe4 Bxe5 20. Bxh6 Ne6 21.
f4 Bf6 22. f5 gxf5 23. Bg2 Ng5 24. h4 Ne4 25. Bf4 Be6 26. Bxb8 1-0